000 01118nam a22003497a 4500
001 0014401
003 KOHA_MİRAKIL
005 20260207001954.0
007 ta
008 111114b2003 tu a|||gr||||#||||0|tur |
020 _a9755915117
040 _aTR-BiSEU
_btur
_cTR-BiSEU
_erda
041 0 _atur
044 _ctu
050 _aHM1221
_b.B53 2003
100 1 _aBiber, Ayhan.
245 1 _aHalkla ilişkilerde temel kavramlar :
_btanımlar örnekler açıklamalar kaynaklar/
_cAyhan Biber ; Ayhan Biber.
264 1 _aAnkara :
_bNobel
_c2003
300 _a117 sayfa: resimli
336 _ametin
_btxt
_2rdacontent
337 _aaracısız
_bn
_2rdamedia
338 _acilt
_bnc
_2rdacarrier
490 1 _aNobel yayın no ;
_v532.
490 1 _aİşletme, İktisat ve İletişim dizi no ;
_v109.
500 _aKaynakça ve dizin var.
650 0 _aHalkla ilişkiler.
_92845
650 0 _aÖrgütsel sosyoloji.
_926025
650 0 _aÖrgütsel davranış.
_93926
830 1 _aNobel yayın no ;
_v532.
_91940
830 1 _aİşletme, İktisat ve İletişim dizi no ;
_v109.
_933673
942 _2lcc
_cBK
999 _c14364
_d14364